Statistics for England 2018 FIFA World Cup Squad

Click here to take the quiz!

General Stats

  • This quiz has been taken 15,594 times
    (15,593 since last reset)
  • The average score is 18 of 24

Answer Stats

PositionPlayerClub% Correct
FWHarry KaneTottenham Hotspur
97%
FWJamie VardyLeicester City
90%
FWRaheem SterlingManchester City
89%
FWMarcus RashfordManchester United
88%
GKJordan PickfordEverton FC
87%
MFJordan HendersonLiverpool FC
84%
DFJohn StonesManchester City
84%
MFDele AlliTottenham Hotspur
84%
DFKyle WalkerManchester City
82%
GKJack ButlandStoke City
77%
DFTrent Alexander-ArnoldLiverpool FC
77%
DFHarry MaguireLeicester City
77%
CoachGareth Southgate/
76%
MFEric DierTottenham Hotspur
75%
DFDanny RoseTottenham Hotspur
74%
DFPhil JonesManchester United
73%
DFGary CahillChelsea FC
73%
DFKieran TrippierTottenham Hotspur
71%
MFJesse LingardManchester United
71%
GKNick PopeBurnley FC
70%
FWDanny WelbeckArsenal FC
68%
DFAshley YoungManchester United
62%
DFFabian DelphManchester City
52%
MFRuben Loftus-CheekCrystal Palace
45%

Score Distribution

Percentile by Number Answered

Percent of People with Each Score

Your Score History

You have not taken this quiz since the last reset